000
00315nam a2200121Ia 4500
008
230907s9999||||xx |||||||||||||| ||und||
082
_a
891.43932
_b
BAI
245
0
_a
کوکھ جلی , Kokh jali /
260
_a
7th Sky Publications,
_b
Lahore :
_c
2014
300
_a
168 p.
650
_a
Urdu Literature
942
_c
BK
999
_c
599731
_d
599731